000 00296nam a22001337a 4500
008 181008b xxu||||| |||| 00| 0 eng d
020 _a0819141887
041 _aeng
080 _a101
100 _a24
101 _aFIL
245 _aThe Philosopher in the Community
_cLang, B
942 _2udc
_cBK
999 _c49057
_d49057